Only The Poets - No More Lonely (all lyrics) - Statistics

General Stats
  • This quiz has been taken 10 times
  • The average score is 123 of 291
Answer Stats
Answer % Correct
lonely
100%
more
100%
no
100%
No
100%
A
67%
And
67%
can't
67%
'cause
67%
don't
67%
Don't
67%
I
67%
it
67%
It's
67%
it's
67%
me
67%
me (x3)
67%
my
67%
now
67%
on
67%
said
67%
see
67%
the
67%
There's
67%
to
67%
you
67%
You
67%
your
67%
all
33%
as
33%
be
33%
blame
33%
down
33%
got
33%
have
33%
If
33%
in
33%
is
33%
know
33%
never
33%
one
33%
out
33%
own
33%
put
33%
they
33%
time
33%
we
33%
why
33%
admit
0%
alright
0%
back
0%
could
0%
cry
0%
defeat
0%
drunk
0%
falling
0%
feels
0%
figured
0%
flame
0%
For
0%
forgotten
0%
head
0%
knees
0%
lay
0%
left
0%
look
0%
lost
0%
might
0%
Once
0%
our
0%
plenty
0%
shed
0%
shoulder
0%
sunshine
0%
tears
0%
then
0%
those
0%
thousand
0%
times
0%
try
0%
turn
0%
upon
0%
upside
0%
We'll
0%
we've
0%
When
0%
whisper
0%
won't
0%
words
0%
world
0%
would
0%
Yeah
0%
No matching quizzes found
Score Distribution
Percent of People with Each Score
Percentile by Number Answered
Your Score History
You have not taken this quiz